| 000 | 00664nam a2200217 u 4500 | ||
|---|---|---|---|
| 005 | 20240228064208.0 | ||
| 008 | 150303s1996 ag r 000 0 spa d | ||
| 020 | _a9501111660 | ||
| 035 | _aUPN01000202241 | ||
| 049 | _aI | ||
| 050 | 4 |
_aPZ76.3 _bT3.63 |
|
| 100 | 1 |
_aTaylor, Lis _937020 |
|
| 245 | 1 | 0 |
_aPequeño Búho y sus cuentos para la siesta / _cLis Taylor ; il. Colin Prtty ; tr. Olga Colella. |
| 260 |
_aBuenos Aires : _bSigmar, _c1996. |
||
| 300 |
_a39 p. : _bil. col. |
||
| 440 | 0 | _aCuentos para la siesta | |
| 650 | 0 |
_aAnimales _vCuentos y leyendas _9234 |
|
| 650 | 4 |
_aLibros y lectura para niños _92290 |
|
| 905 | _aInfantil | ||
| 999 |
_c174342 _d174342 |
||